Maroon 5 songs sudden death - Statistics

General Stats
  • This quiz has been taken 113 times
  • The average score is 10 of 15
Answers on the Grid
Answers color-coded by a green-red scale on the quiz's grid according to % correct below.
sugar
song 2
this love
animals
fat lip
payphone
don't go
don't wanna know
by the way
misery
creep
high and dry
rock with vou
moves like jagger
audacious
take me out
sunday morning
UGH!
she will be loved
makes me wonder
maps
finesse
take my breath
harder to breathe
remember the time
girls like you
lost in my room
pretender
beautiful mistakes
tangled
 
Answer Stats
Answer % Correct
sugar
94%
animals
91%
moves like jagger
89%
payphone
89%
girls like you
83%
she will be loved
78%
this love
75%
maps
74%
beautiful mistakes
64%
sunday morning
62%
don't wanna know
55%
misery
54%
harder to breathe
43%
makes me wonder
41%
tangled
11%
No matching quizzes found
Score Distribution
Percent of People with Each Score
Percentile by Number Answered
Your Score History
You have not taken this quiz